Missing Word: 16th Century Europe A-Z Quiz Stats

Quiz Updated Oct 15, 2017

Challenge
Share
Tweet
Embed
Score 0/25 Timer 04:00
0 Plays Today
Hint Answer % Correct
Mona ____ - painted c. 1503Lisa
96.8%
____ Luther - religious reformerMartin
96.3%
____ and Juliet - premiered 1590sRomeo
96.2%
Sistine ____ - ceiling painted 1508-1512Chapel
95.3%
____ Shakespeare - playwrightWilliam
94.8%
Ivan the ____ - tsarTerrible
93.8%
The Merchant of ____ - premiered c. 1597Venice
91.3%
____ Empire - 1299–1922Ottoman
89.9%
Lady ____ Grey - queenJane
87.2%
____ Magellan - explorerFerdinand
79.4%
The Faerie ____ - published 1590Queene
76%
____ Cortés - conquistadorHernán
71.1%
Hans Holbein the ____ - artistYounger
59.7%
Hint Answer % Correct
____ of Loyola - priestIgnatius
50.5%
____ Faustus - premiering c. 1592Doctor
49.8%
____ Dürer - artistAlbrecht
49.6%
____ Machiavelli - political philosopherNiccolò
47.7%
Desiderius ____ - humanistErasmus
44.7%
Hernando de ____ - explorerSoto
41.1%
Vasco Núñez de ____ - explorerBalboa
38.2%
Huldrych ____ - religious reformerZwingli
15.7%
Pilgrimage of ____ - 1536-1537Grace
12.4%
Venus of ____ - painted 1534Urbino
11.2%
German ____ War - 1524-1525Peasants'
9%
Thomas ____ - playwrightKyd
7%

Today's Daily Dose

You're not logged in!

Compare scores with friends on all Sporcle quizzes.
Sign Up with Email
OR
Log In

You Might Also Like...

Show Comments

Extras

Top Quizzes Today


Score Distribution

Your Account Isn't Verified!

In order to create a playlist on Sporcle, you need to verify the email address you used during registration. Go to your Sporcle Settings to finish the process.

Report this User

Report this user for behavior that violates our Community Guidelines.

Details: